Banská Bystrica

Zobrazenie: V bielom orámovaní pohľad na ulicu, ktorá sa rozdvojuje a každá z nich je po oboch stranách lemovaná domami. V popredí vľavo je stĺp

Bibliographic Details
Format: Postcard
Language:Slovak
PhysicalDescription:1 pohľadnica čiernobiela 9 x 14 cm
Published: [B. Bystrica] Luna [medzi 1931 a 1948?]
Subjects:

MARC

LEADER 00000ckm a2200000 a 4500
001 vtls001220740
003 SK-MaSNL
005 20260512124953.0
007 kp bo
008 231121q1931 xo g 0k|slo
015 |a SNBG 
035 |a SNK000165667 
035 |a urn:nbn:sk:snk-km45v7y 
035 |a 726D5458-A0D6-4FEA-ABD4-FB787CAD6FA1 
035 |a urn:nbn:sk:snk-km00fdf4 
040 |a SNK  |b slo  |c SNK  |e AACR2 
041 0 |a slo 
043 |a e-xo--- 
044 |a xo  |c SK 
072 7 |a 913  |x Regionálna geografia  |2 konspekt 
080 |a 913(437.6)  |2 2011 
080 |a 721  |2 2011 
080 |a (084.121)  |2 2011 
080 |a 779  |2 1981 
080 |a 711.73  |2 2011 
245 0 0 |a Banská Bystrica  |h grafika 
260 |a [B. Bystrica]  |b Luna  |c [medzi 1931 a 1948?] 
300 |a 1 pohľadnica  |b čiernobiela  |c 9 x 14 cm 
520 8 |a Zobrazenie: V bielom orámovaní pohľad na ulicu, ktorá sa rozdvojuje a každá z nich je po oboch stranách lemovaná domami. V popredí vľavo je stĺp 
650 0 7 |a budovy  |2 SNKPH  |9 1283 
650 0 7 |a ulice  |2 SNKPH  |9 2938 
651 7 |a Banská Bystrica (Slovensko)  |2 SNKPHgeo  |9 22015 
655 7 |a miestne pohľadnice  |2 SNKPH  |9 70510 
752 |a Slovensko  |d Banská Bystrica 
852 |a Slovenská národná knižnica 
958 |a OND 
958 |a GBN 
958 |a GC 
958 |a EUIPO 
999 |c 968939  |d 970869 
952 |t P60, <03>, [BOOK], {603}  |a SNK  |b SNK  |y PREZ  |7 0  |p 17A1411373  |o snkSP 147739  |i snkPV 223/96  |0 0  |1 0  |4 0  |d 1996-09-17  |f 1  |l 0  |r 2005-01-01 00:00:00  |w 2026-02-24